000 00403nam a2200181Ia 4500
001 7914
005 20260306160530.0
008 260306t2007||||xx |||||||||||||| ||spa||
041 _aESP
082 _a363.7387
_bG74
100 _aGore, Al
_eAUT
245 0 _aUna verdad incómoda
260 _c2007
300 _a325 páginas :
_ccm.
650 _aGEN
654 _aCAN
942 _cLIB
_dJUS
_fJUS
_2ddc
_n
999 _c7914
_d7914